| 000 | 00509nam a2200181Ia 4500 | ||
|---|---|---|---|
| 003 | GCL | ||
| 008 | 140319s9999 xx 000 0 ara d | ||
| 040 |
_aGCL / _cGCL |
||
| 082 | 0 | 4 |
_a823 _bا ع |
| 100 | 1 | _aاوريل , جورج | |
| 245 | 1 | 0 |
_aعالم تسكنه الحيوانات / _cاوريل , جورج |
| 700 | 1 | _aاورويل، جورج | |
| 300 | _a111 ص | ||
| 490 |
_a100 قصة _v0 |
||
| 650 | 0 | 4 | _aالقصص الانجليزية |
| 650 | 0 | 4 | _aالادب الانجليزى |
| 942 |
_2ddc _cBK |
||
| 999 |
_c46213 _d46213 |
||